[Event "Sofia Gerenski Memorial 11th"]
[Site "Sofia"]
[Date "2018.03.23"]
[Round "4"]
[White "Nedkov, Boris"]
[Black "Gelemerov, Yane"]
[Result "1-0"]
[WhiteElo "1422"]
[BlackElo "1918"]
[PlyCount "53"]
[EventDate "2018.03.21"]
[EventType "swiss"]
[EventRounds "7"]
[EventCountry "BUL"]
[SourceTitle "CBM 183 Extra"]
[Source "ChessBase"]
[SourceDate "2018.04.19"]
[SourceVersion "1"]
[SourceVersionDate "2018.04.19"]
[SourceQuality "1"]

1. e4 e5 2. Nf3 Nc6 3. Bc4 Bc5 4. Nc3 d6 5. Na4 Bb6 6. Nxb6 axb6 7. a3 Nf6 8. d3 Qe7 9. Bg5 h6 10. Bh4 Be6 11. Bxe6 Qxe6 12. Bxf6 Qxf6 13. c3 0-0 14. 0-0 Ne7 15. g3 Qe6 16. Nh4 f5 17. exf5 Nxf5 18. Nxf5 Rxf5 19. Qe2 Raf8 20. Rae1 Qf7 21. c4 Rf3 22. Qd2 g5 23. Re3 Rf6 24. Qe2 Qg6 25. h3 h5 26. Kg2 h4 27. g4 1-0

[Event "Sofia MGU op 209th"]
[Site "Sofia"]
[Date "2018.03.11"]
[Round "5"]
[White "Gelemerov, Yane"]
[Black "Kostov, Nikolai"]
[Result "0-1"]
[WhiteElo "1918"]
[BlackElo "1631"]
[PlyCount "144"]
[EventDate "2018.03.10"]
[EventType "swiss"]
[EventRounds "6"]
[EventCountry "BUL"]
[SourceTitle "CBM 183 Extra"]
[Source "ChessBase"]
[SourceDate "2018.04.19"]
[SourceVersion "1"]
[SourceVersionDate "2018.04.19"]
[SourceQuality "1"]

1. e4 e5 2. Bc4 Nf6 3. Nc3 Bc5 4. d3 h6 5. f4 d6 6. Nf3 Bg4 7. Na4 Bb6 8. Nxb6 axb6 9. 0-0 0-0 10. h3 Bxf3 11. Qxf3 Nbd7 12. Bb3 c6 13. c3 Qe7 14. a3 d5 15. exd5 cxd5 16. Bxd5 Qc5+ 17. d4 Qxd5 18. fxe5 Qxf3 19. gxf3 Nd5 20. f4 f5 21. Bd2 b5 22. Kf2 Rfe8 23. Rg1 Nf8 24. Rae1 Ne6 25. Kf3 Kh7 26. Rg2 Nb6 27. Reg1 Re7 28. Be1 Nd5 29. Bd2 Nb6 30. Bc1 Nd5 31. h4 h5 32. Rd1 Rc7 33. Rf2 Rac8 34. Be3 Ra8 35. Rc1 Rac8 36. Rfc2 Rc6 37. a4 bxa4 38. c4 Nb6 39. c5 Nd5 40. Ra1 b5 41. Ra3 Ndxf4 42. b3 axb3 43. Rxb3 Rb8 44. Rcb2 Nd5 45. Rxb5 Rxb5 46. Rxb5 g5 47. hxg5 f4 48. Rb7+ Kg6 49. Bxf4 Ndxf4 50. Rb6 Rc8 51. d5 Kf5 52. dxe6 Nxe6 53. Rb7 Nxg5+ 54. Kg3 Rxc5 55. Kh4 Rc1 56. Rg7 Rh1+ 57. Kg3 Ne6 58. Rf7+ Kxe5 59. Kg2 Rh3 60. Re7 Rb3 61. Rf7 Nf4+ 62. Kf2 h4 63. Re7+ Kf5 64. Rf7+ Kg5 65. Rg7+ Ng6 66. Kg2 Kf6 67. Ra7 Nf4+ 68. Kf2 h3 69. Rh7 Kg5 70. Rh8 Nh5 71. Ra8 Rb1 72. Ra5+ Kg4 0-1

[Event "Sofia MGU op 208th"]
[Site "Sofia"]
[Date "2018.03.04"]
[Round "5"]
[White "Babatov, Martin"]
[Black "Gelemerov, Yane"]
[Result "0-1"]
[WhiteElo "1746"]
[BlackElo "1918"]
[PlyCount "96"]
[EventDate "2018.03.03"]
[EventType "tourn"]
[EventRounds "6"]
[EventCountry "BUL"]
[SourceTitle "CBM 183 Extra"]
[Source "ChessBase"]
[SourceDate "2018.04.19"]
[SourceVersion "1"]
[SourceVersionDate "2018.04.19"]
[SourceQuality "1"]

1. d4 Nf6 2. Nf3 e6 3. Bf4 b6 4. g3 Bb7 5. Bg2 Bb4+ 6. c3 Be7 7. 0-0 0-0 8. Bg5 d6 9. Nbd2 Nbd7 10. Re1 h6 11. Bxf6 Bxf6 12. Qc2 c5 13. Ne4 Be7 14. dxc5 bxc5 15. Rad1 d5 16. Ned2 Rc8 17. e3 c4 18. e4 Qc7 19. exd5 Bxd5 20. Nd4 Bxg2 21. Kxg2 Bf6 22. Ne4 Bxd4 23. Rxd4 Ne5 24. Nd2 Qb7+ 25. Kg1 Rc5 26. b4 cxb3 27. axb3 Rfc8 28. c4 a5 29. Qe4 Qb4 30. Re2 a4 31. bxa4 Qxa4 32. Kg2 Nc6 33. Rd6 Ne5 34. Rd4 g6 35. h3 h5 36. f4 Nxc4 37. Nxc4 Rxc4 38. Rxc4 Rxc4 39. Qe5 Qc6+ 40. Kh2 Qf3 41. Rb2 Rc8 42. Qf6 Qd1 43. Qg5 Qd4 44. Rg2 Rb8 45. Qe7 Rb1 46. Qa3 Qd1 47. Qa8+ Kg7 48. g4 h4 0-1

[Event "Sofia MGU op 208th"]
[Site "Sofia"]
[Date "2018.03.04"]
[Round "4"]
[White "Catak, Metin"]
[Black "Gelemerov, Yane"]
[Result "0-1"]
[WhiteElo "1860"]
[BlackElo "1918"]
[PlyCount "126"]
[EventDate "2018.03.03"]
[EventType "tourn"]
[EventRounds "6"]
[EventCountry "BUL"]
[SourceTitle "CBM 183 Extra"]
[Source "ChessBase"]
[SourceDate "2018.04.19"]
[SourceVersion "1"]
[SourceVersionDate "2018.04.19"]
[SourceQuality "1"]

1. e4 e5 2. Nf3 Nc6 3. Bb5 Bc5 4. 0-0 Nd4 5. Bc4 d6 6. h3 Qf6 7. Nxd4 Bxd4 8. d3 Qg6 9. Kh2 Nf6 10. Nd2 Nh5 11. Nf3 Bb6 12. Ng5 0-0 13. c3 Be6 14. Bb3 Bxb3 15. Qxb3 h6 16. Nf3 Qf6 17. Qd1 Nf4 18. Bxf4 Qxf4+ 19. Kg1 g5 20. Nh2 Qf6 21. Qh5 Qg6 22. Qf3 h5 23. b4 c6 24. Rad1 f5 25. exf5 Rxf5 26. Qe4 d5 27. Qe2 Raf8 28. Nf3 Qf6 29. d4 exd4 30. cxd4 Rf7 31. Ne5 Rh7 32. Nd7 Qe7 33. Qxe7 Rxe7 34. Ne5 Bc7 35. Nf3 g4 36. Nh4 Rf6 37. hxg4 hxg4 38. g3 Bb6 39. Rd2 Re4 40. Rfd1 Kf7 41. Ng2 Rf3 42. Ne3 Bc7 43. Kg2 Rf6 44. Rc1 Bb6 45. Rcd1 Kg6 46. Rd3 Kg5 47. a4 a6 48. R1d2 Rf3 49. Nc2 Rxd3 50. Rxd3 Re2 51. Na3 Rb2 52. b5 axb5 53. axb5 cxb5 54. Kf1 Kf5 55. Rd1 Ke4 56. Kg2 Bxd4 57. Re1+ Kf5 58. Rf1 Ke5 59. Nb1 b4 60. Kg1 Kd6 61. Kg2 Kc5 62. Kg1 Kc4 63. Kg2 Kb3 0-1

[Event "Sofia MGU op 207th"]
[Site "Sofia"]
[Date "2018.02.24"]
[Round "3"]
[White "Metev, Martin"]
[Black "Gelemerov, Yane"]
[Result "0-1"]
[WhiteElo "1892"]
[BlackElo "1918"]
[PlyCount "68"]
[EventDate "2018.02.24"]
[EventType "swiss"]
[EventRounds "6"]
[EventCountry "BUL"]
[SourceTitle "CBM 183 Extra"]
[Source "ChessBase"]
[SourceDate "2018.04.19"]
[SourceVersion "1"]
[SourceVersionDate "2018.04.19"]
[SourceQuality "1"]

1. e4 e5 2. Nf3 Nc6 3. Bb5 Bc5 4. 0-0 Nd4 5. Nxd4 Bxd4 6. c3 Bb6 7. d4 c6 8. Bc4 d6 9. dxe5 dxe5 10. Qe2 Nf6 11. Rd1 Qe7 12. h3 0-0 13. Bg5 h6 14. Bh4 Be6 15. Nd2 Bc7 16. Bb3 Kh7 17. Nf1 Rfd8 18. Nh2 a5 19. Ng4 Bxg4 20. hxg4 g5 21. Bg3 a4 22. Bc2 Qe6 23. f3 h5 24. Rxd8 Bxd8 25. gxh5 Nxh5 26. Bf2 Nf4 27. Qd1 b5 28. Be3 Be7 29. g3 Qh3 30. gxf4 gxf4 31. Kf2 Qh2+ 32. Kf1 fxe3 33. Qe1 Bc5 34. b4 Rg8 0-1

[Event "Sofia MGU op 205th"]
[Site "Sofia"]
[Date "2018.02.03"]
[Round "2"]
[White "Gelemerov, Yane"]
[Black "Metev, Martin"]
[Result "1/2-1/2"]
[WhiteElo "1918"]
[BlackElo "1892"]
[PlyCount "75"]
[EventDate "2018.02.03"]
[EventType "swiss"]
[EventRounds "6"]
[EventCountry "BUL"]
[SourceTitle "CBM 182 Extra"]
[Source "ChessBase"]
[SourceDate "2018.02.23"]
[SourceVersion "1"]
[SourceVersionDate "2018.02.23"]
[SourceQuality "1"]

1. e4 e6 2. d4 d5 3. Nc3 Bb4 4. Bd3 dxe4 5. Bxe4 Nf6 6. Bd3 Bxc3+ 7. bxc3 0-0 8. Nf3 b6 9. 0-0 Nbd7 10. Re1 Bb7 11. Ne5 Nxe5 12. Rxe5 h6 13. Bf4 c5 14. Qd2 Ng4 15. Rh5 f5 16. Re1 cxd4 17. Bc4 Bd5 18. Qxd4 Bxc4 19. Qxc4 Qd5 20. Qxd5 exd5 21. f3 Nf6 22. Rxf5 Rae8 23. Rfe5 Rxe5 24. Bxe5 Re8 25. Kf2 Ne4+ 26. fxe4 Rxe5 27. exd5 Rxd5 28. Re7 Ra5 29. Ke3 Rxa2 30. Kd3 Ra5 31. g3 Kh7 32. Re6 Rd5+ 33. Ke3 Ra5 34. Kd4 Kg8 35. Re7 Kh7 36. Re6 Kg8 37. Re7 Kh7 38. Re6 1/2-1/2

[Event "Sofia MGU op 196th"]
[Site "Sofia"]
[Date "2017.11.12"]
[Round "6"]
[White "Gelemerov, Yane"]
[Black "Georgiev, Nikolay"]
[Result "0-1"]
[WhiteElo "1918"]
[BlackElo "1588"]
[PlyCount "72"]
[EventDate "2017.11.11"]
[EventType "swiss"]
[EventRounds "6"]
[EventCountry "BUL"]
[SourceTitle "CBM 181 Extra"]
[Source "ChessBase"]
[SourceDate "2017.12.12"]
[SourceVersion "1"]
[SourceVersionDate "2017.12.12"]
[SourceQuality "1"]

1. e4 e5 2. Bc4 Nf6 3. Nc3 Nc6 4. d3 Bb4 5. Nf3 d5 6. exd5 Nxd5 7. 0-0 Nxc3 8. bxc3 Bxc3 9. Ng5 f6 10. Nf7 Qe7 11. Nxh8 Bxa1 12. Bf7+ Kd8 13. Qh5 Be6 14. Bxe6 Qxe6 15. Qxh7 Kd7 16. Qxg7+ Qe7 17. Qg4+ Qe6 18. Qh5 Rg8 19. Ng6 Qxa2 20. c4 Kc8 21. Qf5+ Kb8 22. Be3 Bd4 23. h4 Bxe3 24. fxe3 Ne7 25. Qd7 Nxg6 26. Qf7 Ne7 27. Rf2 Qa3 28. Rxf6 a6 29. h5 Qc1+ 30. Kh2 Qxe3 31. Rf3 Qg5 32. g3 Rh8 33. Kg2 Qxh5 34. Qxe7 Qh1+ 35. Kf2 Rh2+ 36. Ke3 Qe1# 0-1

[Event "Sofia MGU op 196th"]
[Site "Sofia"]
[Date "2017.11.12"]
[Round "4"]
[White "Gelemerov, Yane"]
[Black "Metev, Martin"]
[Result "1-0"]
[WhiteElo "1918"]
[BlackElo "1892"]
[PlyCount "91"]
[EventDate "2017.11.11"]
[EventType "swiss"]
[EventRounds "6"]
[EventCountry "BUL"]
[SourceTitle "CBM 181 Extra"]
[Source "ChessBase"]
[SourceDate "2017.12.12"]
[SourceVersion "1"]
[SourceVersionDate "2017.12.12"]
[SourceQuality "1"]

1. e4 e6 2. d4 d5 3. Nc3 Bb4 4. Bd3 dxe4 5. Bxe4 Nf6 6. Bd3 c5 7. a3 Ba5 8. dxc5 Bxc3+ 9. bxc3 Qa5 10. Ne2 Qxc5 11. a4 Qa5 12. Ba3 Qxa4 13. Nd4 Qd7 14. Nb5 Ne4 15. f3 a6 16. Bb4 Nf6 17. Nd6+ Kd8 18. Bb5 axb5 19. Rxa8 Kc7 20. Nxf7 Nd5 21. Nxh8 Qe8 22. Qd4 Nxb4 23. Qxg7+ Qd7 24. Qxd7+ Bxd7 25. cxb4 Nc6 26. c3 e5 27. Nf7 Be6 28. Ng5 Bf5 29. Ne4 Ne7 30. Kd2 Nd5 31. Re1 Nb6 32. Rf8 Bg6 33. Kc1 Nd5 34. Kb2 Nb6 35. Nd2 Nd7 36. Rh8 Bd3 37. Ne4 Nb6 38. Rxh7+ Kb8 39. Rh8+ Kc7 40. Nd2 e4 41. fxe4 Na4+ 42. Kb3 Nb6 43. Re3 Bc4+ 44. Kc2 Ba2 45. Rg3 Nc4 46. Nxc4 1-0

[Event "Sofia MGU op 195th"]
[Site "Sofia"]
[Date "2017.11.05"]
[Round "4"]
[White "Gelemerov, Yane"]
[Black "Mladenov, Andrey"]
[Result "1-0"]
[WhiteElo "1918"]
[BlackElo "1552"]
[PlyCount "33"]
[EventDate "2017.11.04"]
[EventType "swiss"]
[EventRounds "6"]
[EventCountry "BUL"]
[SourceTitle "CBM 181 Extra"]
[Source "ChessBase"]
[SourceDate "2017.12.12"]
[SourceVersion "1"]
[SourceVersionDate "2017.12.12"]
[SourceQuality "1"]

1. e4 c5 2. f4 d5 3. exd5 Qxd5 4. Nc3 Qd8 5. Nf3 Nf6 6. Bc4 e6 7. d3 Be7 8. 0-0 0-0 9. Ne5 Nbd7 10. Qe2 a6 11. a4 Qc7 12. Bd2 b6 13. Rae1 Re8 14. Nxf7 Kxf7 15. Qxe6+ Kg6 16. Qf7+ Kh6 17. f5+ 1-0

[Event "Sofia MGU op 195th"]
[Site "Sofia"]
[Date "2017.11.04"]
[Round "1"]
[White "Georgiev, Nikolay"]
[Black "Gelemerov, Yane"]
[Result "0-1"]
[WhiteElo "1588"]
[BlackElo "1918"]
[PlyCount "74"]
[EventDate "2017.11.04"]
[EventType "swiss"]
[EventRounds "6"]
[EventCountry "BUL"]
[SourceTitle "CBM 181 Extra"]
[Source "ChessBase"]
[SourceDate "2017.12.12"]
[SourceVersion "1"]
[SourceVersionDate "2017.12.12"]
[SourceQuality "1"]

1. e4 e5 2. Nc3 Bc5 3. Nf3 Nc6 4. Nxe5 Bxf2+ 5. Kxf2 Nxe5 6. d4 Nc6 7. Be3 d6 8. Bc4 Nf6 9. h3 0-0 10. Rf1 Nxe4+ 11. Nxe4 d5 12. Bd3 dxe4 13. Bxe4 Qh4+ 14. Kf3 Re8 15. Bxc6 bxc6 16. Qd3 Be6 17. Rf2 Rad8 18. Ke2 c5 19. Kf1 Bxh3 20. Re1 cxd4 21. Bd2 Be6 22. Rf4 Qe7 23. Rxd4 c5 24. Rxd8 Rxd8 25. Qe3 h6 26. b3 Rd5 27. Bc3 Rg5 28. Qf4 Qb7 29. Qe4 Bd5 30. Qe8+ Kh7 31. Re7 Qa6+ 32. Ke1 Rxg2 33. Re2 Rg6 34. a4 Bf3 35. Re3 Qd6 36. Kf2 Qg3+ 37. Kf1 Qg1# 0-1

[Event "Sofia MGU op 189th"]
[Site "Sofia"]
[Date "2017.09.10"]
[Round "4"]
[White "Gelemerov, Yane"]
[Black "Canadell Ruiz, Samuel Sandal"]
[Result "1-0"]
[WhiteElo "1926"]
[BlackElo "1794"]
[PlyCount "71"]
[EventDate "2017.09.09"]
[EventType "swiss"]
[EventRounds "6"]
[EventCountry "BUL"]
[SourceTitle "CBM 180 Extra"]
[Source "ChessBase"]
[SourceDate "2017.10.06"]
[SourceVersion "1"]
[SourceVersionDate "2017.10.06"]
[SourceQuality "1"]

1. e4 d5 2. exd5 Nf6 3. Bb5+ c6 4. dxc6 Nxc6 5. Nf3 Bg4 6. 0-0 e6 7. c3 Qc7 8. d4 Bd6 9. h3 Bh5 10. Nbd2 Bf4 11. Be2 g5 12. Nc4 0-0-0 13. Nxg5 Rhg8 14. h4 h6 15. Nh3 Bh2+ 16. Kh1 Bg4 17. Bxg4 Rxg4 18. Qf3 Rdg8 19. Ne3 Rxh4 20. Qxf6 Rh5 21. Qf3 Rh4 22. Re1 Bd6 23. Nc4 Bg3 24. Bd2 Ne7 25. Ne5 Nf5 26. Re4 Rxe4 27. Qxe4 Bxf2 28. Bf4 Bg3 29. Rf1 Qe7 30. Kg1 Qh4 31. Nxf7 Re8 32. Qe5 Bxf4 33. Qxf4 Qh5 34. Nd6+ Nxd6 35. Qxd6 Qe2 36. Rf7 1-0

[Event "Sofia MGU op 185th"]
[Site "Sofia"]
[Date "2017.04.09"]
[Round "5"]
[White "Arshinkova, Boryana"]
[Black "Gelemerov, Yane"]
[Result "0-1"]
[WhiteElo "1251"]
[BlackElo "1976"]
[PlyCount "66"]
[EventDate "2017.04.08"]
[EventType "swiss"]
[EventRounds "6"]
[EventCountry "BUL"]
[SourceTitle "CBM 177 Extra"]
[Source "ChessBase"]
[SourceDate "2017.04.27"]
[SourceVersion "1"]
[SourceVersionDate "2017.04.27"]
[SourceQuality "1"]

1. e4 e5 2. Nf3 Nc6 3. Bc4 Bc5 4. c3 Qe7 5. d4 Bb6 6. Be3 d6 7. Nbd2 Nf6 8. Qa4 0-0 9. Qc2 Bg4 10. h3 Bxf3 11. Nxf3 exd4 12. cxd4 Nxe4 13. 0-0 Rad8 14. Rfe1 d5 15. Bd3 Nb4 16. Qb3 Nxd3 17. Qxd3 f6 18. Rac1 Qf7 19. Bf4 Rfe8 20. Qc2 c6 21. Qb3 Rd7 22. Qb4 h6 23. Nd2 Nxd2 24. Qxd2 Rde7 25. Bd6 Rxe1+ 26. Rxe1 Rxe1+ 27. Qxe1 Bxd4 28. Qd2 Bb6 29. Qc2 Qe6 30. Bb4 Qe4 31. Qd2 Bd4 32. Bd6 Be5 33. Bc5 Qb1+ 0-1

[Event "Sofia MGU op 185th"]
[Site "Sofia"]
[Date "2017.04.08"]
[Round "2"]
[White "Gelemerov, Yane"]
[Black "Kostov, Nikolai"]
[Result "0-1"]
[WhiteElo "1976"]
[BlackElo "1668"]
[PlyCount "46"]
[EventDate "2017.04.08"]
[EventType "swiss"]
[EventRounds "6"]
[EventCountry "BUL"]
[SourceTitle "CBM 177 Extra"]
[Source "ChessBase"]
[SourceDate "2017.04.27"]
[SourceVersion "1"]
[SourceVersionDate "2017.04.27"]
[SourceQuality "1"]

1. e4 d5 2. exd5 Nf6 3. Bb5+ Bd7 4. Bc4 c6 5. dxc6 Nxc6 6. Nf3 h6 7. 0-0 e5 8. Re1 Bg4 9. h3 Bh5 10. g4 Nxg4 11. hxg4 Bxg4 12. Be2 Bd6 13. Nc3 0-0 14. d3 f5 15. Nh2 Qh4 16. Nf1 Rf6 17. Bxg4 Rg6 18. f3 fxg4 19. f4 Nd4 20. Be3 Nf3+ 21. Kg2 exf4 22. Bg1 Qh3+ 23. Kf2 Bc5+ 0-1

[Event "Sofia MGU op 185th"]
[Site "Sofia"]
[Date "2017.04.08"]
[Round "3"]
[White "Kononenko, Vladimir"]
[Black "Gelemerov, Yane"]
[Result "0-1"]
[WhiteElo "1329"]
[BlackElo "1976"]
[PlyCount "32"]
[EventDate "2017.04.08"]
[EventType "swiss"]
[EventRounds "6"]
[EventCountry "BUL"]
[SourceTitle "CBM 177 Extra"]
[Source "ChessBase"]
[SourceDate "2017.04.27"]
[SourceVersion "1"]
[SourceVersionDate "2017.04.27"]
[SourceQuality "1"]

1. e4 e5 2. Nf3 Nc6 3. Bc4 Bc5 4. c3 Qe7 5. 0-0 d6 6. d4 Bb6 7. h3 Nf6 8. Bg5 h6 9. Bxf6 Qxf6 10. Nbd2 Ne7 11. d5 0-0 12. Re1 Ng6 13. Qe2 Nf4 14. Qd1 Bxh3 15. gxh3 Qg6+ 16. Kf1 Qg2# 0-1

[Event "Sofia MGU op 184th"]
[Site "Sofia"]
[Date "2017.04.01"]
[Round "2"]
[White "Gelemerov, Yane"]
[Black "Vladov, Lyubomir"]
[Result "1-0"]
[WhiteElo "1976"]
[BlackElo "1720"]
[PlyCount "205"]
[EventDate "2017.04.01"]
[EventType "swiss"]
[EventRounds "6"]
[EventCountry "BUL"]
[SourceTitle "CBM 177 Extra"]
[Source "ChessBase"]
[SourceDate "2017.04.27"]
[SourceVersion "1"]
[SourceVersionDate "2017.04.27"]
[SourceQuality "1"]

1. e4 c5 2. Nc3 Nc6 3. f4 g6 4. Nf3 Bg7 5. Bb5 e6 6. Bxc6 bxc6 7. d3 Ne7 8. 0-0 d5 9. Bd2 Ba6 10. e5 c4 11. d4 Rb8 12. Rb1 0-0 13. Rf2 Bb5 14. Ne2 a5 15. Qe1 Ra8 16. Ng3 Qb6 17. Ra1 a4 18. Bb4 Rfe8 19. c3 Bf8 20. a3 Ba6 21. Qe3 Nf5 22. Nxf5 exf5 23. Re1 h6 24. h3 Bc8 25. Kh1 Bxb4 26. cxb4 Be6 27. Rg1 h5 28. g3 Kf8 29. Ng5 Ke7 30. Nh7 Rh8 31. Nf6 Rh6 32. Rd2 Rah8 33. Kg2 Qb5 34. Qc3 Ra8 35. Rh1 Rah8 36. Kg1 Kd8 37. Rdh2 Ke7 38. Kf1 Kd8 39. Ke1 Kc7 40. Kd1 Kb6 41. Kc2 Qa6 42. Qd2 Kb5 43. Kc3 Qc8 44. Qe2 Kb6 45. Kd2 Qa6 46. Ke3 Qc8 47. Kf2 Qa6 48. Kg1 Qc8 49. Qd2 Qa6 50. Qe1 Kb5 51. Kg2 Kb6 52. Qe2 Qc8 53. Qd2 Qa6 54. Kf2 Kb5 55. Ke1 Kb6 56. Kd1 Kb5 57. Kc2 Kb6 58. Kc3 Qc8 59. Qd1 Qa6 60. Qg1 Qc8 61. Kc2 Kb5 62. Kb1 Kb6 63. Ka2 Kb5 64. Qe1 Qa6 65. Qe2 Qc8 66. Qd2 Qa6 67. g4 hxg4 68. hxg4 Rxh2 69. Rxh2 Rxh2 70. Qxh2 fxg4 71. Ne8 Kb6 72. Qh4 Qc8 73. Nd6 Qf8 74. Kb1 Kc7 75. b5 cxb5 76. Nxb5+ Kd7 77. Qe1 Bf5+ 78. Ka2 Be4 79. Qa5 Qb8 80. Qxa4 Ke6 81. Qa6+ Kd7 82. a4 g3 83. Qf6 g2 84. Qxf7+ Kc6 85. Qf6+ Kb7 86. a5 g1Q 87. Qb6+ Kc8 88. Nd6+ Qxd6 89. exd6 Qb1+ 90. Ka3 Qa1+ 91. Kb4 Qxb2+ 92. Kc5 Qa3+ 93. Kb5 Qb3+ 94. Ka6 Qxb6+ 95. axb6 Kd7 96. b7 Kxd6 97. b8Q+ Ke6 98. Qe5+ Kf7 99. Kb5 Kg8 100. Qc7 Kf8 101. Kb6 Ke8 102. Kb7 Kf8 103. Kc8 1-0

[Event "Sofia MGU op 183rd"]
[Site "Sofia"]
[Date "2017.03.04"]
[Round "1"]
[White "Gelemerov, Yane"]
[Black "Vladov, Lyubomir"]
[Result "1-0"]
[WhiteElo "2013"]
[BlackElo "1700"]
[PlyCount "79"]
[EventDate "2017.03.04"]
[EventType "swiss"]
[EventRounds "6"]
[EventCountry "BUL"]
[SourceTitle "CBM 177 Extra"]
[Source "ChessBase"]
[SourceDate "2017.04.27"]
[SourceVersion "1"]
[SourceVersionDate "2017.04.27"]
[SourceQuality "1"]

1. e4 c5 2. Nc3 Nc6 3. Bb5 g6 4. Bxc6 dxc6 5. d3 Bg7 6. Nf3 Nf6 7. 0-0 0-0 8. Be3 b6 9. Qd2 Ng4 10. Bg5 f6 11. Bh4 Qd6 12. h3 Nh6 13. Bg3 e5 14. Rae1 Nf7 15. Qe2 Bh6 16. Nh2 Bf4 17. Ng4 Bxg3 18. fxg3 Bxg4 19. Qxg4 Ng5 20. Rf2 Qe6 21. Qe2 h5 22. b3 Nf7 23. Nd1 Nd6 24. Ne3 Kg7 25. g4 hxg4 26. Nxg4 Rf7 27. Ref1 Raf8 28. Qe3 g5 29. Qe2 Ne8 30. Ne3 Rh8 31. Nf5+ Kg6 32. Qg4 Rfh7 33. Rf3 Kf7 34. Ne3 Qxg4 35. Nxg4 Ke7 36. Nxf6 Nxf6 37. Rxf6 g4 38. Kh2 gxh3 39. g3 Kd7 40. Rg6 1-0

[Event "Sofia MGU op 183rd"]
[Site "Sofia"]
[Date "2017.03.04"]
[Round "2"]
[White "Timev, Anzhelo"]
[Black "Gelemerov, Yane"]
[Result "1-0"]
[WhiteElo "1779"]
[BlackElo "2013"]
[PlyCount "51"]
[EventDate "2017.03.04"]
[EventType "swiss"]
[EventRounds "6"]
[EventCountry "BUL"]
[SourceTitle "CBM 177 Extra"]
[Source "ChessBase"]
[SourceDate "2017.04.27"]
[SourceVersion "1"]
[SourceVersionDate "2017.04.27"]
[SourceQuality "1"]

1. d4 Nf6 2. Nf3 e6 3. c4 Bb4+ 4. Bd2 Bxd2+ 5. Nbxd2 d6 6. e4 Nc6 7. Be2 e5 8. dxe5 dxe5 9. 0-0 0-0 10. Rc1 Qe7 11. a3 Rd8 12. Qc2 Nh5 13. Rfd1 Nf4 14. Nf1 Bg4 15. Ne3 Bxf3 16. Bxf3 Nd4 17. Rxd4 exd4 18. Nf5 Qe5 19. Qd2 c5 20. g3 Ne6 21. Bg2 Rd7 22. f4 Qf6 23. Bh3 Re8 24. Qd1 g6 25. Nh6+ Kh8 26. Ng4 1-0

[Event "Sofia MGU op 179th"]
[Site "Sofia"]
[Date "2017.01.14"]
[Round "1"]
[White "Todev, Simeon"]
[Black "Gelemerov, Yane"]
[Result "0-1"]
[WhiteElo "1649"]
[BlackElo "2024"]
[PlyCount "40"]
[EventDate "2017.01.14"]
[EventType "swiss"]
[EventRounds "6"]
[EventCountry "BUL"]
[SourceTitle "CBM 176 Extra"]
[Source "ChessBase"]
[SourceDate "2017.03.02"]
[SourceVersion "1"]
[SourceVersionDate "2017.03.02"]
[SourceQuality "1"]

1. e4 e5 2. Nf3 Nc6 3. d4 exd4 4. Bc4 Bc5 5. 0-0 d6 6. b4 Bb6 7. b5 Ne5 8. Nxe5 dxe5 9. Qh5 Qf6 10. a4 Be6 11. Bg5 Qg6 12. Qxg6 hxg6 13. Bxe6 fxe6 14. Nd2 Nf6 15. Bxf6 gxf6 16. a5 Bc5 17. Nb3 Bd6 18. b6 cxb6 19. axb6 a6 20. Rac1 Rc8 0-1

[Event "Sofia MGU op 177th"]
[Site "Sofia"]
[Date "2016.12.18"]
[Round "4"]
[White "Georgiev, Nikolay"]
[Black "Gelemerov, Yane"]
[Result "0-1"]
[WhiteElo "1594"]
[BlackElo "2007"]
[PlyCount "66"]
[EventDate "2016.12.17"]
[EventType "swiss"]
[EventRounds "6"]
[EventCountry "BUL"]
[SourceTitle "CBM 176 Extra"]
[Source "ChessBase"]
[SourceDate "2017.03.02"]
[SourceVersion "1"]
[SourceVersionDate "2017.03.02"]
[SourceQuality "1"]

1. e4 e5 2. Nc3 Bc5 3. Bc4 Nf6 4. d3 Nc6 5. Be3 Bxe3 6. fxe3 Na5 7. Nge2 Nxc4 8. dxc4 d6 9. 0-0 Bg4 10. h3 Bh5 11. Qe1 Qd7 12. Ng3 Bg6 13. Nf5 0-0-0 14. Qh4 Bxf5 15. Rxf5 Qe6 16. b3 Nd7 17. a4 c6 18. Rd1 g6 19. Rf2 f5 20. Rfd2 Nf6 21. exf5 gxf5 22. Qf2 Ne8 23. e4 f4 24. Qxa7 Rg8 25. Rd3 Rd7 26. Kf1 Rdg7 27. R1d2 Rg3 28. Rxg3 Rxg3 29. Rd3 Rg8 30. Qf2 Nf6 31. Qe2 Rg5 32. Rf3 Nh5 33. Ke1 Ng3 0-1

[Event "Sofia MGU op 177th"]
[Site "Sofia"]
[Date "2016.12.17"]
[Round "1"]
[White "Gelemerov, Yane"]
[Black "Tsyntsarski, Boyko"]
[Result "1-0"]
[WhiteElo "2007"]
[BlackElo "1708"]
[PlyCount "85"]
[EventDate "2016.12.17"]
[EventType "swiss"]
[EventRounds "6"]
[EventCountry "BUL"]
[SourceTitle "CBM 176 Extra"]
[Source "ChessBase"]
[SourceDate "2017.03.02"]
[SourceVersion "1"]
[SourceVersionDate "2017.03.02"]
[SourceQuality "1"]

1. e4 c6 2. Nf3 d5 3. Nc3 dxe4 4. Nxe4 Nd7 5. Bc4 Ngf6 6. Neg5 e6 7. d3 h6 8. Ne4 Nxe4 9. dxe4 Be7 10. 0-0 0-0 11. Qe2 b5 12. Bb3 Nc5 13. c3 Nxb3 14. axb3 a5 15. Bf4 Qb6 16. Rfd1 Rd8 17. Ne5 Bb7 18. Qh5 Rxd1+ 19. Rxd1 Rd8 20. Qxf7+ Kh8 21. Re1 Bc5 22. Bxh6 Bxf2+ 23. Kh1 Rg8 24. Be3 Bxe3 25. Ng4 Rd8 26. Qh5+ Bh6 27. Nxh6 gxh6 28. Qxh6+ Kg8 29. Qxe6+ Kg7 30. Qe7+ Kh8 31. Qf6+ Kg8 32. h3 Rf8 33. Qg5+ Kh8 34. Re3 Rf1+ 35. Kh2 Qc7+ 36. Rg3 Qxg3+ 37. Qxg3 Rf7 38. Qg6 Rg7 39. Qf6 Kg8 40. g4 c5 41. g5 Bxe4 42. Qe6+ Kh8 43. Qxe4 1-0

[Event "Sofia MGU op 171st"]
[Site "Sofia"]
[Date "2016.09.11"]
[Round "5"]
[White "Gelemerov, Yane"]
[Black "Mihalev, Daniil"]
[Result "1-0"]
[WhiteElo "2002"]
[BlackElo "1790"]
[PlyCount "93"]
[EventDate "2016.09.10"]
[EventType "swiss"]
[EventRounds "6"]
[EventCountry "BUL"]
[SourceTitle "CBM 174 Extra"]
[Source "ChessBase"]
[SourceDate "2016.10.10"]
[SourceVersion "1"]
[SourceVersionDate "2016.10.10"]
[SourceQuality "1"]

1. e4 g6 2. d4 Bg7 3. c3 d5 4. e5 c5 5. f4 cxd4 6. cxd4 Nc6 7. Nc3 Nh6 8. Bb5 0-0 9. Bxc6 bxc6 10. Nf3 Bg4 11. 0-0 Nf5 12. h3 Bxf3 13. Rxf3 Qb6 14. Rd3 e6 15. Na4 Qb5 16. b3 Rfc8 17. g4 Ne7 18. Ba3 Re8 19. Rc1 Bh6 20. Bxe7 Rxe7 21. g5 Bf8 22. Rc5 Qa6 23. b4 Rb7 24. Ra5 Qc4 25. a3 Rb5 26. Rc3 Qa2 27. Ra6 Bxb4 28. axb4 Rxb4 29. Nc5 Qb2 30. Rc2 Qb1 31. Qxb1 Rxb1+ 32. Kg2 Rb6 33. Rca2 Rab8 34. Rxa7 Rb2+ 35. Rxb2 Rxb2+ 36. Kf3 Rb8 37. Kg4 Rc8 38. h4 Re8 39. Rc7 Kg7 40. Rxc6 h5+ 41. Kf3 Re7 42. Rb6 Re8 43. Rb7 Kg8 44. Nd7 Kg7 45. Rb8 Re7 46. Rd8 Re8 47. Rxe8 1-0